| 000 | 01274nam a2200301 a 4500 | ||
|---|---|---|---|
| 999 |
_c20337 _d20337 |
||
| 005 | 20181019150216.0 | ||
| 008 | 150316s2014 ck o gr 00010 spa d | ||
| 020 | _a9789589726655 (Colección) | ||
| 020 | _a9789589726693 (El espesor de la superficie) | ||
| 040 |
_aCO-BoBLA _cCO-BoBLA _dCO-BoIAVH |
||
| 041 | 0 | _aspa | |
| 044 | _ack | ||
| 082 | 0 | 4 |
_a709.8 _bC29a1 |
| 245 | 1 | 0 |
_aDanilo Dueñas : _bel espesor de la superficie / _cdirección editorial de José Roca y Alejandro Martín ; ensayo por Jens Hoffmann ; traducción Magdalena Holguín |
| 246 | 3 | 0 | _aEl espesor de la superficie |
| 260 |
_aBogotá (Colombia) : _bSeguros Bolívar, _c2014. |
||
| 300 |
_a112 páginas : _bilustraciones y fotografías ; _c29 x 25 cm. |
||
| 490 | 0 | _aColección de Arte Contemporáneo Seguros Bolívar | |
| 504 | _aIncluye referencias bibliográficas. | ||
| 600 | 1 | 0 |
_aDueñas, Danilo _d1956- _xTrabajos artísticos |
| 650 | 2 | 4 |
_aArte colombiano _vCatálogos. |
| 650 | 2 | 4 |
_aArte abstracto _vCatálogos |
| 650 | 2 | 4 |
_aArtistas plásticos colombianos _vCatálogos |
| 700 | 1 |
_aDueñas, Danilo _eilustrador _d1956- |
|
| 700 | 1 |
_aMartín, Alejandro _eeditor |
|
| 700 | 1 |
_aRoca, José Ignacio _eeditor |
|
| 942 |
_2ddc _cLIBRO |
||